| 000 | 01270nac a22003137a 4500 | ||
|---|---|---|---|
| 001 | BR8100080 | ||
| 003 | BR-BrBNA | ||
| 005 | 20240105114856.0 | ||
| 008 | 230509b bl.|||m| |||| 00| 0 por d | ||
| 040 |
_aBR-BrBNA _bpor _cBiblioteca Nacional de Agricultura |
||
| 072 | _aF26 | ||
| 090 | _a1060 BR8100080 | ||
| 100 | 1 | _aVasconcellos, H. de O. | |
| 100 | 1 | _aAraujo, C.M. | |
| 100 | 1 | _aBrito, D.P.P. de S. | |
| 110 | 1 | _aEmpresa de Pesquisa Agropecuaria do Estado do Rio de Janeiro, Niteroi (Brasil) | |
| 245 | 1 | _aEfeitos de diversos tipos de manejo do solo em pomar de laranja pera (Citrus sinensis (L)Osbeck)sobre a producao e qualidade dos frutos [Rio de Janeiro; Brasil] | |
| 246 | 1 | _a[Effects of different types of soil treatment in pear orange orchard (Citrus sinensis (L)Osbeck)on yield and quality of the fruits [Rio de Janeiro; Brazil]] | |
| 260 | 3 |
_aNiteroi, RJ (Brasil): _cMay 1980. |
|
| 300 | _a4 p. | ||
| 490 |
_aComunicado Tecnico - Empresa de Pesquisa Agropecuaria do Estado do Rio de Janeiro (Brazil) _vno. 51 _x |
||
| 650 | _aRecurso do solo | ||
| 650 | _aLaranja pera | ||
| 650 | _aProdutividade | ||
| 650 | _aAnalise quimica | ||
| 650 | _aRio de Janeiro | ||
| 909 |
_a202312 _bLúcia Elande _c55 _dLúcia Elande |
||
| 942 |
_2AGRIS _n0 _cMS |
||
| 999 |
_c271800 _d271800 |
||